000 00510nam a2200181Ia 4500
005 20250508151630.0
008 008 250505s9999 xx 000 0 eng d
037 _aTextual
040 _aFEDL
_beng
_cFEDL
041 _aeng
_2eng
084 _a425, VAL
_qFEDL
100 _aVallins G H
245 0 _aPerfect your english: How to speak and write correctly
260 _aLondon, UK
_bWard, Lock and Co Ltd.
_c1954
300 _aix,144p
942 _cTEXL
_h425, VAL
999 _c1331029
_d1331029